000 01127nas a2200337 4500
001 BR2011007097
003 BR-BrBNA
005 20231205115729.0
007 ta
008 230509b bl.|||p| |||| 00| 00por d
040 _aBR-BrBNA
_bpor
_cBiblioteca Nacional de Agricultura
041 _a(Pt)
072 _aH20
100 1 _aSerra, I.M.R.S.
100 1 _aCoelho, R.S.B.
100 1 _aFerraz, G.M.G.
100 1 _aMontarroyos, A.V.V.
100 1 _aSilva, D.S.
245 1 _aDiversidade fenotípica e patogênica de Colletotrichum, agente causal da antracnose em mangueira, e identificação de espécie
246 1 _aPhenotypic and pathogenic diversity in Colletotrichum, causal agent of anthracnnose in mango and identification of species
650 _aMANGA
650 _aMANGIFERA INDICA
650 _aANTRACNOSE
650 _aFENOTIPO
650 _aPATÓGENO
650 _aGLOMERELLA CINGULATA
650 _aFUNGO
773 0 _tSumma Phytopathologica (Brazil)
_xISSN 0100-5405
_g(Jan-Mar 2011), v. 37(1) p. 42-51
_wBR2011007097
909 _a202311
_bLúcia
_c55
_dLúcia Elande
942 _2AGRIS
_n0
_cANA
999 _c215422
_d215422